Advice for the patient: drug information in lay language. / (Record no. 8028)
[ view plain ]
| 000 -LEADER | |
|---|---|
| fixed length control field | 00753nam a22001937a 4500 |
| 003 - CONTROL NUMBER IDENTIFIER | |
| control field | OSt |
| 005 - DATE AND TIME OF LATEST TRANSACTION | |
| control field | 20211117143830.0 |
| 008 - FIXED-LENGTH DATA ELEMENTS--GENERAL INFORMATION | |
| fixed length control field | 140625b xxu||||| |||| 00| 0 eng d |
| 020 ## - INTERNATIONAL STANDARD BOOK NUMBER | |
| International Standard Book Number | 1563635402 |
| 040 ## - CATALOGING SOURCE | |
| Transcribing agency | LC |
| 050 ## - LIBRARY OF CONGRESS CALL NUMBER | |
| Classification number | RS51.U65 |
| 245 ## - TITLE STATEMENT | |
| Title | Advice for the patient: drug information in lay language. / |
| 250 ## - EDITION STATEMENT | |
| Edition statement | 26th ed. |
| 260 ## - PUBLICATION, DISTRIBUTION, ETC. | |
| Place of publication, distribution, etc. | Greenwood Village, CO: |
| Name of publisher, distributor, etc. | Thomson Microdex, |
| Date of publication, distribution, etc. | 2006. |
| 300 ## - PHYSICAL DESCRIPTION | |
| Extent | 1 vol. (various pagings): |
| Other physical details | ill.; |
| 505 ## - FORMATTED CONTENTS NOTE | |
| Formatted contents note | Contents: Index -- Medicine chart -- General information -- Drug entries -- Glossary -- Appendices -- Drug Information Centers -- |
| 653 ## - INDEX TERM--UNCONTROLLED | |
| Uncontrolled term | Drugs--Dictionaries. |
| -- | Drugs--Side effects--Dictionaries. |
| -- | Drugs--Safety measures--Dictionaries. |
| -- | Chemotherapy--Dictionaries. |
| 942 ## - ADDED ENTRY ELEMENTS (KOHA) | |
| Source of classification or shelving scheme | Library of Congress Classification |
| Koha item type | Books |
| Withdrawn status | Lost status | Source of classification or shelving scheme | Damaged status | Not for loan | Home library | Current library | Shelving location | Date acquired | Serial Enumeration / chronology | Full call number | Barcode | Date last seen | Price effective from | Koha item type | Total Checkouts |
|---|---|---|---|---|---|---|---|---|---|---|---|---|---|---|---|
| Library of Congress Classification | WISCONSIN INTERNATIONAL UNIVERSITY COLLEGE, GHANA KUMASI LIBRARY | WISCONSIN INTERNATIONAL UNIVERSITY COLLEGE, GHANA KUMASI LIBRARY | nursing | 17/11/2021 | 2006 - Vol. 2 | RS51.U65(26e) | KSN/394/19 | 17/11/2021 | 17/11/2021 | Books | |||||
| Library of Congress Classification | WISCONSIN INTERNATIONAL UNIVERSITY COLLEGE, GHANA KUMASI LIBRARY | WISCONSIN INTERNATIONAL UNIVERSITY COLLEGE, GHANA KUMASI LIBRARY | nursing | 17/11/2021 | 2004 - Vol 2 | RS51.U65(24e) | KSN/393/19 | 17/11/2021 | 17/11/2021 | Books | |||||
| Library of Congress Classification | WISCONSIN INTERNATIONAL UNIVERSITY COLLEGE, GHANA KUMASI LIBRARY | WISCONSIN INTERNATIONAL UNIVERSITY COLLEGE, GHANA KUMASI LIBRARY | nursing | 17/11/2021 | 2005 - Vol. 1 | RS51.U65(25e) | KSN/390/19 | 17/11/2021 | 17/11/2021 | Books | |||||
| Library of Congress Classification | WISCONSIN INTERNATIONAL UNIVERSITY COLLEGE, GHANA KUMASI LIBRARY | WISCONSIN INTERNATIONAL UNIVERSITY COLLEGE, GHANA KUMASI LIBRARY | nursing | 17/11/2021 | 2007 - Vol. 1 | RS51.U65(27e) | KSN/391/19 | 17/11/2021 | 17/11/2021 | Books | |||||
| Library of Congress Classification | WISCONSIN INTERNATIONAL UNIVERSITY COLLEGE, GHANA KUMASI LIBRARY | WISCONSIN INTERNATIONAL UNIVERSITY COLLEGE, GHANA KUMASI LIBRARY | nursing | 17/11/2021 | 2007 - Vol. 2 | RS51.U65(27e) | KSN/392/19 | 17/11/2021 | 17/11/2021 | Books |
